Teória automatického riadenia. 1, Návody na cvičenia
Uložené v:
| Hlavní autori: | , |
|---|---|
| Médium: | Kniha |
| Jazyk: | Slovak |
| Vydané: |
Bratislava :
Alfa,
1989
|
| Vydanie: | 1. vyd. |
| ISBN: |
8005002181 (brož.) |
| Fyzický popis: |
338 s. |
| Tagy: |
Pridať tag
Žiadne tagy, Buďte prvý kto otaguje tento záznam!
|
Titul je dostupný aj v ... 

MARC
| LEADER | 00000nam a2200000 a 4500 | ||
|---|---|---|---|
| 001 | 000189607 | ||
| 005 | 20061106171716.0 | ||
| 008 | 060420s1989 xo e 000 0 sloo | ||
| 020 | |a 8005002181 (brož.) | ||
| 040 | |a SVKKK |b slo |c SVKKK |e AACR2 | ||
| 041 | 0 | |a slo | |
| 044 | |a xo |c SK | ||
| 100 | 1 | |a Madarász, Ladislav |4 aut | |
| 245 | 1 | 0 | |a Teória automatického riadenia. |n 1, |p Návody na cvičenia |
| 246 | 3 | 0 | |a Návody na cvičenia |
| 250 | |a 1. vyd. | ||
| 260 | |a Bratislava : |b Alfa, |c 1989 | ||
| 300 | |a 338 s. | ||
| 700 | 1 | |a Bučko, Marián |4 aut | |
| 910 | |a svkkk | ||
| 919 | |a 80-05-00218-1 | ||
| 998 | |a BK | ||
| 090 | |g SCKHL |k Sklad Pribinova 3. posch. |a V.168895 |j 801324 |i 2720066146 |4 Multiplikát |s Vyradená | ||
| 090 | |g SCKHL |k Sklad Pribinova 3. posch. |a V.168896 |j 801325 |i 189607-20 |4 Multiplikát |s Vyradená | ||
| 090 | |g SCKHL |k Sklad Pribinova 3. posch. |a V.168897 |j 801326 |i 2720106513 |4 Multiplikát |s Vyradená | ||
| 090 | |g SCKHL |k Sklad Pribinova 3. posch. |a V.168898 |j 801327 |i 2720160210 |4 Multiplikát |s Vyradená | ||
| 090 | |g SCKHL |k Sklad Pribinova 3. posch. |a V.168899 |j 801328 |i 2720163501 |4 Multiplikát |s Vyradená | ||
| 090 | |g SCKHL |k Sklad Pribinova 3. posch. |a V.168900 |j 801329 |i 189607-60 |4 Multiplikát |s Vyradená | ||
| 090 | |g SCKHL |k Sklad Pribinova 3. posch. |a V.168901 |j 801330 |i 189607-70 |4 Multiplikát |s Vyradená | ||
| 090 | |g SCKHL |k Sklad Pribinova 3. posch. |a V.168902 |j 801331 |i 2720850559 |s Absenčne | ||
| 090 | |g SCKHL |k Sklad Pribinova 3. posch. |a V.168903 |j 801332 |i 2720850560 |s Absenčne | ||
| 090 | |g SCKHL |k Sklad Pribinova 3. posch. |a V.168904 |j 801333 |i 2720014149 |4 Multiplikát |s Vyradená | ||